Development of a national watershed management programme : formulation, implementation and revision of national forestry programmes

Bibliographic Details
Main Author: MARGHESCU
Corporate Author: Food and Agriculture Organization of the United Nations (FAO)
Format: Book
Published: Rome : Food and Agriculture Organization of the United Nations , 1996
Subjects:

MARC

LEADER 00000cam a2200000 7i4500
001 0000001977
005 20020719.0
090 0 0 |a FAO333.73   |b MAR 1996 
100 1 0 |a MARGHESCU   |h T. 
245 1 0 |a Development of a national watershed management programme :   |b formulation, implementation and revision of national forestry programmes   |c T. Marghescu 
260 0 0 |a Rome :   |b Food and Agriculture Organization of the United Nations ,   |c 1996 
300 |a 41 p. :   |b ill. ;   |c 30 cm. 
500 0 0 |a Bibliography : p. 41 
650 0 0 |a Watershed management 
710 1 1 |a Food and Agriculture Organization of the United Nations (FAO) 
998 |a JPSM 
999 |a 0000000698   |b Monograph   |c Open Shelf   |e Default branch